| 000 | 00560nam a2200229Ia 4500 | ||
|---|---|---|---|
| 003 | LK-CoDNM | ||
| 005 | 20240730113830.0 | ||
| 008 | 010623t1925 xxu||||| |||| 00| 1 eng d | ||
| 040 |
_aLK-CoDNM _dLK-CoDNM _eLK-CoDNM |
||
| 041 | _aeng | ||
| 080 |
_a14 _bZ23 |
||
| 100 | _aKelly,Francis.M. | ||
| 245 | _aHistoric Costume,1490-1790 | ||
| 260 |
_bB.T.Batsford Ltd _aLondon _c1925 |
||
| 300 | _bxv, 284p. : ill ; 25 cm | ||
| 650 | _aEurope | ||
| 650 | _aFashion | ||
| 650 | _aPatterns | ||
| 650 | _aWestern | ||
| 700 | _aSchwabe,Randolph. | ||
| 942 | _cBK | ||
| 999 |
_c92677 _d92677 |
||